000 00692nam a22002053a 4500
005 20240911064100.0
008 011017s1999 ea r 000 0 eng d
020 _a0792357590
035 _aUPN01000113159
049 _aCG
050 4 _aHM831
_bS2.5
245 0 0 _aScience technology and social change :
_bthe orange book of Einstein meets Magritte /
_ced. Diederik Aerts.
260 _aBruselas :
_bVUB University Press ;
_aDordrecht, Hol. :
_bKluwer Academic,
_cc1999.
300 _a309 p.
440 0 _aEinstein meets Magritte ;
_vv.3
650 4 _aCambio social
_94887
650 2 _aCiencias sociales
_xFilosofĂ­a
_95622
700 1 _aAerts, Diederik,
_d1953-
_eed.
_930102
905 _aLibro
999 _c87067
_d87067